Sports Quiz

Random Sports Quiz
Score 0/100 Timer 20:00
0 Plays Today
Joueur % Correct
Pierre-Emerick Aubameyang
95.7%
Pierre-Emerick Aubameyang
95.7%
David Luiz
95.1%
David Luiz
95.1%
David Luiz
95.1%
Alexandre Lacazette
93.1%
Alexandre Lacazette
93.1%
Alexandre Lacazette
93.1%
N'Golo Kanté
87.8%
N'Golo Kanté
87.8%
N'Golo Kanté
87.8%
Olivier Giroud
85.9%
Eden Hazard
83.5%
Eden Hazard
83.5%
Eden Hazard
83.5%
Eden Hazard
83.5%
Petr Cech
82.3%
Petr Cech
82.3%
Petr Cech
82.3%
César Azpilicueta
81.9%
César Azpilicueta
81.9%
César Azpilicueta
81.9%
César Azpilicueta
81.9%
César Azpilicueta
81.9%
Mattéo Guendouzi
79.6%
Mattéo Guendouzi
79.6%
Nicolas Pépé
79.5%
Kurt Zouma
79.3%
Willian
78.1%
Willian
78.1%
Willian
78.1%
Granit Xhaka
77.5%
Granit Xhaka
77.5%
Granit Xhaka
77.5%
Joueur % Correct
Granit Xhaka
77.5%
Thibaut Courtois
77.3%
Thibaut Courtois
77.3%
Thibaut Courtois
77.3%
Kepa Arrizabalaga
75.6%
Kepa Arrizabalaga
75.6%
Mesut Ôzil
75.5%
Mesut Ôzil
75.5%
Mesut Ôzil
75.5%
Bernd Leno
71.3%
Bernd Leno
71.3%
Alexis Sanchez
70.9%
Alexis Sanchez
70.9%
Christian Pulisic
70%
Pedro
68.9%
Tammy Abraham
68.4%
Laurent Koscielny
68.4%
Laurent Koscielny
68.4%
Laurent Koscielny
68.4%
Mateo Kovacic
67%
Jorginho
63.4%
Jorginho
63.4%
Sokratis
61.8%
Sokratis
61.8%
Marcos Alonso
61.8%
Marcos Alonso
61.8%
Marcos Alonso
61.8%
Marcos Alonso
61.8%
Antonio Rüdiger
61.6%
Hector Bellerin
61.6%
Antonio Rüdiger
61.6%
Hector Bellerin
61.6%
Hector Bellerin
61.6%
Shkodran Mustafi
61%
Joueur % Correct
Shkodran Mustafi
61%
Shkodran Mustafi
61%
Shkodran Mustafi
61%
Diego Costa
59.2%
Diego Costa
59.2%
Aaron Ramsey
57.8%
John Terry
57.5%
Cesc Fabregas
57.4%
Cesc Fabregas
57.4%
Mason Mount
56.4%
Branislav Ivanovic
55.3%
Nemanja Matic
53.4%
Nemanja Matic
53.4%
Gary Cahill
49.2%
Gary Cahill
49.2%
Gary Cahill
49.2%
Lucas Torreira
48.3%
Per Mertesacker
45.2%
Andreas Christensen
43.4%
Nacho Monreal
42.9%
Nacho Monreal
42.9%
Nacho Monreal
42.9%
Nacho Monreal
42.9%
Victor Moses
39.6%
Alex Iwobi
39.2%
Alex Iwobi
39.2%
Tiemoué Bakayoko
37.1%
Jack Wilshere
34.3%
Theo Walcott
33.7%
Bukayo Saka
30.3%
Alex Oxlade-Chamberlain
25.8%
Gabriel Paulista
20.7%
Remove Ads.
Support Sporcle.
Get the best of Sporcle when you Go Orange. This ad-free experience offers more features, more stats, and more fun while also helping to support Sporcle. Thank you for becoming a member.

You're not logged in!

Compare scores with friends on all Sporcle quizzes.
OR
Log In

Sporcle TV

Today on Sporcle TV


Watch our educational content, quiz creation guides, and fun videos on Sporcle TV.

Show Comments

Extras

Created Jul 31, 2020ReportNominate
Tags:2015, Arsenal, Chelsea, les, Pay, plu, poste

Top Quizzes Today


Score Distribution

Paid Content

Your Account Isn't Verified!

In order to create a playlist on Sporcle, you need to verify the email address you used during registration. Go to your Sporcle Settings to finish the process.

Report this User

Report this user for behavior that violates our Community Guidelines.

Details: